5HLuxD.jpg

KING HENRY VIII SENIOR AND PRIMARY SCHOOL LIBRARY OPAC

WEATHER (Record no. 4390)

000 -LEADER
fixed length control field 00245nam a22001097a 4500
008 - FIXED-LENGTH DATA ELEMENTS--GENERAL INFORMATION
fixed length control field 250213b ||||| |||| 00| 0 eng d
020 ## - INTERNATIONAL STANDARD BOOK NUMBER
International Standard Book Number 9788119307210
082 ## - DEWEY DECIMAL CLASSIFICATION NUMBER
Classification number 551.6
245 ## - TITLE STATEMENT
Title WEATHER
260 ## - PUBLICATION, DISTRIBUTION, ETC.
Place of publication, distribution, etc. MUMBAI,INDIA
Name of publisher, distributor, etc. A WILCO BOOK
942 ## - ADDED ENTRY ELEMENTS (KOHA)
Source of classification or shelving scheme
Holdings
Withdrawn status Lost status Source of classification or shelving scheme Damaged status Not for loan Collection code Permanent Location Current Location Shelving location Date acquired Full call number Barcode Date last seen Price effective from Koha item type Public note Total Checkouts Total Renewals Date last checked out
          Non-Fiction KH8 Primary School Library KH8 Primary School Library Non Fiction 2025-02-13 551.6 WIL KHPL000006091 2025-12-05 2025-02-13 Books - Non Ficton KH8 PRIMARY LIBRARY      
          Non-Fiction KH8 Primary School Library KH8 Primary School Library Non Fiction 2025-02-13 551.6 WIL KHPL000006924 2026-03-09 2025-02-13 Books - Non Ficton KH8 PRIMARY LIBRARY 3 1 2026-03-02

Powered By KH8 IT Dept